000 01141nam a2200289 a 4500
001 BRCA_2838
005 20190320204007.0
008 091208s1920----sp-#---###---#000-0#spa-u
041 _aspa
044 _asp
084 _a264
_b.C53
_c1920
100 1 _aCervantes Saavedra, Miguel de
_d1547-1616
_9213
245 1 0 _aEl Ingenioso Hidalgo Don Quijote de la Mancha
_cMiguel de Cervantes Saavedra.
260 _aMadrid
_bCalpe
_c1920
300 _a4 v.
_c16 cm.
440 0 _aColección universal
_97946
500 _aContenido : v 1. Primera parte. Dedicatoria del autor. Prólogo del autor. Versos preliminares. Texto. -- v 2. Texto . -- v 3. Segunda parte. Dedicatoria del autor. Prólogo del autor. Texto. -- v 4. Texto
500 _aEdición de surtido Lúdovik Osterc
500 _aQM1180
650 1 4 _aNovela española
_yÉpoca clásica, 1500-1700
_9215
650 1 4 _aLiteratura española
_yÉpoca clásica, 1500-1700
_9216
650 1 4 _aNovela española
_ySiglo XVII
_9217
650 1 4 _aDon Quijote (Personaje ficticio)
_eNovela
_9218
740 0 _aEl Ingenioso Hidalgo Don Quijote de la Mancha
902 _aQFM
942 _2lcc
_cB
999 _c2577
_d2577